Sports Quiz

Random Sports or Baseball Quiz

Red better than MVP/Cy Young Quiz Stats

Quiz not verified by Sporcle

Also try: Most PGA Tour Wins
Challenge
Share
Tweet
Embed
Score 0/43 Timer 10:00
0 Plays Today
Hint Answer % Correct
NL MVPJoe Morgan
96.1%
NL MVPJoe Morgan
96.1%
NL MVPJoe Morgan
96.1%
NL MVPJoe Morgan
96.1%
NL MVPJohnny Bench
94.7%
NL MVPPete Rose
94.7%
NL MVPJohnny Bench
94.7%
NL MVPGeorge Foster
84.2%
NL MVPDave Concepcion
81.6%
NL MVPDave Concepcion
81.6%
NL MVPFrank Robinson
80.3%
NL MVPFrank Robinson
80.3%
NL MVPFrank Robinson
80.3%
NL Cy YoungJohnny Cueto
80.3%
NL Cy YoungJose Rijo
78.9%
NL Cy YoungJose Rijo
78.9%
NL MVPEric Davis
73.7%
NL MVPBarry Larkin
73.7%
NL Cy YoungMario Soto
64.5%
NL Cy YoungMario Soto
64.5%
NL Cy YoungTom Seaver
63.2%
NL Cy YoungGary Nolan
39.5%
Hint Answer % Correct
NL MVPReggie Sanders
39.5%
NL MVPRay Knight
36.8%
NL MVPWally Post
34.2%
NL MVPFrank McCormick
31.6%
NL MVPKal Daniels
30.3%
NL Cy YoungJohn Franco
25%
ML Cy YoungJim O'Toole
23.7%
ML Cy YoungBob Purkey
22.4%
ML Cy YoungBob Purkey
22.4%
ML Cy YoungJoey Jay
21.1%
NL Cy YoungFrank Williams
13.2%
NL MVPIval Goodman
10.5%
NL MVPLonny Frey
9.2%
NL Cy YoungTed Abernathy
9.2%
NL League AwardCurt Walker
7.9%
NL Chalmers AwardBuck Herzog
6.6%
NL League AwardBubbles Hargrave
6.6%
NL League AwardHughie Critz
6.6%
NL MVPTony Cuccinello
6.6%
ML Cy YoungDon Newcombe
6.6%
NL Cy YoungMel Queen
3.9%

You're not logged in!

Compare scores with friends on all Sporcle quizzes.
Join for Free
OR
Log In

You Might Also Like...

Show Comments

Extras

Top Quizzes Today


Score Distribution

Your Account Isn't Verified!

In order to create a playlist on Sporcle, you need to verify the email address you used during registration. Go to your Sporcle Settings to finish the process.

Report this User

Report this user for behavior that violates our Community Guidelines.

Details: